000 00368 a2200121 4500
001 ART_50532
005 20260410161758.0
008 260409a
245 1 0 _aLa exportación de servicios en el impuesto al valor agregado
100 1 _aGotlib, Gabriel
700 1 _aCarbone, Sergio
773 0 _tDoctrina tributaria
_g- N°479 (feb. 2020)
_wREV4296
999 _c20282
_d20282